000 01288 a2200241 4500
003 Nust
005 20221020122618.0
010 _a 88000616
020 _a0898382718 :
040 _cNust
082 0 0 _a005.82,TIL
100 1 _aTilborg, Henk C. A. van,
_980706
245 1 3 _aAn introduction to cryptology /
_cHenk C.A. van Tilborg.
260 _aBoston :
_bKluwer Academic Publishers,
_cc1988.
300 _ax, 170 p. :
_bill. ;
_c27 cm.
490 1 _aThe Kluwer international series in engineering and computer science ;
_vSECS 52.
_aCommunications and information theory
505 _aIntroduction (Page-1), Classical Systems (Page-7), Shift Register Sequences (Page-19), Shannon Theory (Page-39), Huffman Codes (Page-47), Des (Page-55), Public Key Cryptography (Page-63), The Discrete Logarithm Problem (Page-67), Rsa (Page-77), The Mceliece System (Page-93), The Knapsack System (Page-97), Threshold Schemes (Page-111), Other Directions (Page-115).
650 0 _aCryptography
_xData processing.
_9100977
650 0 _aCryptography.
830 0 _aKluwer international series in engineering and computer science ;
_982222
830 0 _aKluwer international series in engineering and computer science.
_982222
942 _2ddc
_cBK
_k005.82,TIL
_i005.82,TIL
999 _c180087
_d180087